| 000 | 01342cam a2200385 a 4500 | ||
|---|---|---|---|
| 001 | 82102 | ||
| 005 | 20230411085941.0 | ||
| 008 | 091008s2009 nyu 001 0aeng | ||
| 010 | _a 2009455822 | ||
| 035 | _a(OCoLC)ocn290464983 | ||
| 040 |
_aDLC _cDLC _dBTCTA _dYDXCP _dZGX _dMR0 _dUPZ _dCLE _dVP@ |
||
| 020 | _a9780307463722 | ||
| 020 | _a0307463729 | ||
| 029 | 1 |
_aAU@ _b000044779934 |
|
| 029 | 1 |
_aNZ1 _b13107949 |
|
| 035 | _a(OCoLC)290464983 | ||
| 043 | _an-us--- | ||
| 050 | 1 | 4 |
_aE901.1.L38 _bA3 2009 |
| 082 | 0 | 0 |
_a973.931092 _aB _222 |
| 049 | _aGRAL | ||
| 100 | 1 | _aLatimer, Matt. | |
| 245 | 1 | 0 |
_aSpeech less : _btales of a White House survivor / _cMatt Latimer. |
| 246 | 3 | _aSpeechless | |
| 250 | _a1st ed. | ||
| 260 |
_aNew York : _bCrown Publishers, _cc2009. |
||
| 300 |
_a294 p. ; _c25 cm. |
||
| 500 | _aIncludes index. | ||
| 520 | _aLatimer, a young conservative speechwriter, pens this hilarious yet poignant account of life inside the White House, as he laments a certain kind of principled conservatism that disappeared in the last years of the Bush presidency. | ||
| 600 | 1 | 0 | _aLatimer, Matt. |
| 650 | 0 |
_aSpeechwriters _zUnited States _vBiography. |
|
| 650 | 0 |
_aPresidents _zUnited States _xStaff _xHistory _y20th century. |
|
| 651 | 0 |
_aUnited States _xHistory _y21st century. |
|
| 942 |
_2lcc _cbk |
||
| 946 | _abc | ||
| 999 |
_c109850 _d109850 |
||